| 000 | 00513nam a22001817a 4500 | ||
|---|---|---|---|
| 003 | MPLRDC | ||
| 005 | 20220104170047.0 | ||
| 008 | 210129b ||||| |||| 00| 0 eng d | ||
| 020 | _a983-9673-95-5 | ||
| 082 | _a738.6 TAN | ||
| 100 | _aTAN TEONG JIN, HO WAH FOON, TAN JOO LAN | ||
| 245 |
_aTHE CHINESE MALAYSIAN CONTRIBUTION _c |
||
| 250 | _a1ST ED. | ||
| 260 |
_aMALAYSIA _bCENTRE FOR MALAYSIAN CHINESE STUDIES _c2005 |
||
| 300 | _bPAPERBACK | ||
| 650 | _aMALAYSIA CHINESE HISTORY | ||
| 942 |
_cBK _o738.6 TAN |
||
| 999 |
_c57767 _d57757 |
||